000
00246nam a22000857a 4500
008
160905b xxu||||| |||| 00| 0 eng d
100
_9
290
_a
Grim's Brother
245
_a
Grim's brothers ki Stories (Hindi)
260
_a
New Delhi
_b
Everest publication
_c
2012
999
_c
2949
_d
2949